000 00286nam a22001337a 4500
008 180110b xxu||||| |||| 00| 0 eng d
020 _a9780757542671
041 _aeng
080 _a004
100 _a28
101 _aSHK
245 _aDigital Design
_cCollins,TH.R
942 _2udc
_cBK
999 _c40050
_d40050